[Event "12. Magistral 30 Aniversario Benasque"]
[Site "Benasque ESP"]
[Date "2010.07.16"]
[Round "9.2"]
[White "Granda Zuñiga, Julio E"]
[Black "Garcia Palermo, Carlos"]
[Result "1/2-1/2"]
[WhiteElo "2639"]
[BlackElo "2450"]
[PlyCount "103"]
[EventDate "2010.07.08"]
[EventType "tourn"]
[EventRounds "10"]
[EventCountry "ESP"]
[EventCategory "11"]
[Source "lmi"]
[SourceDate "2010.07.08"]

1. Nf3 e6 2. g3 b6 3. Bg2 Bb7 4. O-O Nf6 5. c4 Be7 6. Nc3 O-O 7. d4 Ne4 8. Bd2
f5 9. Nxe4 Bxe4 10. Bc3 Bf6 11. Re1 Qe7 12. Bh3 Bb7 13. Rc1 c5 14. d5 exd5 15.
cxd5 Qd6 16. Bxf6 Rxf6 17. e4 fxe4 18. Ng5 Qxd5 19. Nxe4 Rf8 20. Bg2 Qxd1 21.
Rcxd1 Bc6 22. Bh3 a5 23. f4 a4 24. a3 Rd8 25. Be6+ Kh8 26. Nd6 Rf8 27. Ba2 b5
28. Re7 c4 29. Rde1 Na6 30. Ne8 Nc5 31. Nxg7 Nd3 32. R1e3 Nxb2 33. R3e5 Nd3 34.
Rh5 Nxf4 35. gxf4 Rxf4 36. Ne8 Be4 37. Rh3 Ra6 38. Rg3 Rg6 39. Nd6 Bd3 40. Nf7+
Kg8 41. Ne5 Rxg3+ 42. hxg3 Rf1+ 43. Kg2 Ra1 44. Nxd3 Rxa2+ 45. Nf2 Rxa3 46.
Rxd7 c3 47. Ne4 b4 48. Nf6+ Kf8 49. Nxh7+ Ke8 50. Nf6+ Kf8 51. Nh7+ Ke8 52.
Nf6+ 1/2-1/2

[Event "12. Magistral 30 Aniversario Benasque"]
[Site "Benasque ESP"]
[Date "2010.07.16"]
[Round "9.3"]
[White "Levin, Felix"]
[Black "Gomez Esteban, Juan Mario"]
[Result "1/2-1/2"]
[WhiteElo "2472"]
[BlackElo "2485"]
[PlyCount "29"]
[EventDate "2010.07.08"]
[EventType "tourn"]
[EventRounds "10"]
[EventCountry "ESP"]
[EventCategory "11"]
[Source "lmi"]
[SourceDate "2010.07.08"]

1. d4 Nf6 2. c4 e6 3. Nf3 b6 4. g3 Ba6 5. b3 Bb4+ 6. Bd2 Be7 7. Nc3 Bb7 8. Bg2
O-O 9. O-O d5 10. cxd5 Nxd5 11. Nxd5 Bxd5 12. Qc2 Nd7 13. Rad1 Nf6 14. Bf4 Rc8
15. Qb2 1/2-1/2

[Event "12. Magistral 30 Aniversario Benasque"]
[Site "Benasque ESP"]
[Date "2010.07.17"]
[Round "10.1"]
[White "Marin, Mihail"]
[Black "Levin, Felix"]
[Result "1/2-1/2"]
[WhiteElo "2597"]
[BlackElo "2472"]
[PlyCount "35"]
[EventDate "2010.07.08"]
[EventType "tourn"]
[EventRounds "10"]
[EventCountry "ESP"]
[EventCategory "11"]
[Source "lmi"]
[SourceDate "2010.07.08"]

1. d4 d5 2. c4 c6 3. Nc3 Nf6 4. e3 e6 5. Nf3 a6 6. Bd3 dxc4 7. Bxc4 b5 8. Bb3
c5 9. O-O Bb7 10. e4 cxd4 11. Nxd4 Nc6 12. Nxc6 Qxd1 13. Rxd1 Bxc6 14. f3 Bc5+
15. Kf1 Nd7 16. Bf4 Ke7 17. Rac1 Rhc8 18. Ne2 1/2-1/2

[Event "12. Magistral 30 Aniversario Benasque"]
[Site "Benasque ESP"]
[Date "2010.07.17"]
[Round "10.3"]
[White "Garcia Palermo, Carlos"]
[Black "De La Villa Garcia, Jesus Maria"]
[Result "1-0"]
[WhiteElo "2450"]
[BlackElo "2496"]
[PlyCount "73"]
[EventDate "2010.07.08"]
[EventType "tourn"]
[EventRounds "10"]
[EventCountry "ESP"]
[EventCategory "11"]
[Source "lmi"]
[SourceDate "2010.07.08"]

1. d4 Nf6 2. Nf3 d5 3. c4 e6 4. e3 c5 5. cxd5 exd5 6. Bb5+ Bd7 7. Bxd7+ Nbxd7
8. dxc5 Bxc5 9. O-O O-O 10. b3 Qe7 11. Nc3 Nb6 12. Bb2 Ba3 13. Bxa3 Qxa3 14.
Nb5 Qb4 15. a4 Rfc8 16. Qd4 Qxb3 17. Nd6 Rc6 18. Qf4 Qc3 19. Nd4 Rc5 20. N6f5
Nbd7 21. Rab1 b6 22. g4 Rd8 23. Rb3 Qd2 24. g5 Ne8 25. Ne7+ Kh8 26. Qxf7 Nd6
27. Qf4 Nf8 28. Ndc6 Rc4 29. Qf3 Ra8 30. Ne5 Rc1 31. Rd3 Rxf1+ 32. Kxf1 Qc1+
33. Kg2 Qc7 34. Nf7+ Nxf7 35. Qxf7 Nd7 36. Ng6+ hxg6 37. e4 1-0